Digital electronics : (Record no. 176871)
[ view plain ]
| 000 -LEADER | |
|---|---|
| fixed length control field | 01520 a2200217 4500 |
| 003 - CONTROL NUMBER IDENTIFIER | |
| control field | Nust |
| 005 - DATE AND TIME OF LATEST TRANSACTION | |
| control field | 20220810121622.0 |
| 010 ## - LIBRARY OF CONGRESS CONTROL NUMBER | |
| LC control number | 2004007371 |
| 020 ## - INTERNATIONAL STANDARD BOOK NUMBER | |
| International Standard Book Number | 0131141651 |
| 040 ## - CATALOGING SOURCE | |
| Transcribing agency | Nust |
| 082 00 - DEWEY DECIMAL CLASSIFICATION NUMBER | |
| Classification number | 621.381,KLE |
| 100 1# - MAIN ENTRY--PERSONAL NAME | |
| Personal name | Kleitz, William. |
| 9 (RLIN) | 96710 |
| 245 10 - TITLE STATEMENT | |
| Title | Digital electronics : |
| Remainder of title | a practical approach / |
| Statement of responsibility, etc. | William Kleitz. |
| 250 ## - EDITION STATEMENT | |
| Edition statement | 7th ed. |
| 260 ## - PUBLICATION, DISTRIBUTION, ETC. | |
| Place of publication, distribution, etc. | Upper Saddle River, N.J. : |
| Name of publisher, distributor, etc. | Pearson/Prentice Hall, |
| Date of publication, distribution, etc. | c2005. |
| 300 ## - PHYSICAL DESCRIPTION | |
| Extent | xx, 908 p. : |
| Other physical details | ill. (some col.) ; |
| Dimensions | 29 cm. + |
| Accompanying material | 1 CD-ROM (4 3/4 in.) |
| 505 ## - FORMATTED CONTENTS NOTE | |
| Formatted contents note | Number Systems and Codes (Page-2), Digital Electronic Signals and Switches (Page-28), Basic Logic Gates (Page-60), Programmable Logic Devices: Altera and Xilinx CPLDs and FPGAs (Page-108), Boolean Algebra and Reduction Techniques (Page-128), Exclusive-Or and Exclusive-Nor Gates (Page-194), Arithmetic Operations And Circuits (Page-216), Code Converters, Multiplexers, And Demultiplexers (Page-258), Logic Families And Their Characteristics(Page-316), Flip-Flops And Registers (Page-360), Practical Considerations For Digital Design (Page-404), Counter Circuits And Vhdl State Machines (Page-452), Shift Registers(Page-532), Multivibrators And The 555 Timer (Page-580), Interfacing To The Analog World (Page-616), Semiconductor, Magnetic And Optical Memory (Page-654), Microprocessor Fundamentals (Page-694), The 8051 Microcontroller(Page-716). |
| 650 #0 - SUBJECT ADDED ENTRY--TOPICAL TERM | |
| Topical term or geographic name entry element | Digital electronics. |
| 856 41 - ELECTRONIC LOCATION AND ACCESS | |
| Materials specified | Table of contents |
| Uniform Resource Identifier | <a href="http://www.loc.gov/catdir/toc/ecip0416/2004007371.html">http://www.loc.gov/catdir/toc/ecip0416/2004007371.html</a> |
| 942 ## - ADDED ENTRY ELEMENTS (KOHA) | |
| Source of classification or shelving scheme | |
| Koha item type | Reference |
| Withdrawn status | Lost status | Source of classification or shelving scheme | Damaged status | Not for loan | Permanent Location | Current Location | Shelving location | Date acquired | Full call number | Barcode | Date last seen | Price effective from | Koha item type | Public note |
|---|---|---|---|---|---|---|---|---|---|---|---|---|---|---|
| Military College of Signals (MCS) | Military College of Signals (MCS) | Reference | 12/12/2016 | 621.381,KLE | MCS31217 | 12/08/2016 | 12/12/2016 | Reference | Almirah No.21, Shelf No.1 |
